Aktuálne otázky financovania Fondu ochrany vkladov ako neštátneho účelového fondu v podmienkach SR diplomová práca

Salvato in:
Dettagli Bibliografici
Autore principale: Filipeková, Zuzana
Ente Autore: Národohospodárska fakulta EU. Katedra financií
Altri autori: Beličková, Kornélia, 1966-
Natura: Libro
Lingua:slovacco
Pubblicazione: Bratislava 2012
Tags: Aggiungi Tag
Nessun Tag, puoi essere il primo ad aggiungerne!!

MARC

LEADER 00000nbm a2200000 4500
001 0152110
005 20161109102011.0
041 0 |a slo 
044 |a SK 
245 1 0 |a Aktuálne otázky financovania Fondu ochrany vkladov ako neštátneho účelového fondu v podmienkach SR  |b diplomová práca  |c Zuzana Filipeková ; školiteľ: Kornélia Beličková 
264 1 |a Bratislava  |c 2012 
300 |a 58 s. 
100 1 |a Filipeková, Zuzana 
700 1 |a Beličková, Kornélia, 1966- 
710 2 |a Národohospodárska fakulta EU. Katedra financií